000 00222nam a22000857a 4500
008 170614b xxu||||| |||| 00| 0 eng d
100 _93381
_aTata Mc Graw Hill
245 _aBook of knowledge - 3
260 _aNew Delhi
_bTata
_c2009
999 _c6730
_d6730